[Event "MPJ-Blitz-D12"]
[Site "Katowice"]
[Date "2015.08.15"]
[Round "16.4"]
[White "Adamczyk, Zuzanna"]
[Black "Wolagiewicz, Kinga"]
[Result "0-1"]
[BlackElo "1401"]
[WhiteElo "1394"]

1. e4 {[%clk 0:03:03]} Nc6 {[%clk 0:03:03]} 2. Nf3 {[%clk 0:03:01]} d6
{[%clk 0:03:04]} 3. d4 {[%clk 0:03:00]} Bg4 {[%clk 0:03:05]} 4. Be2
{[%clk 0:02:57]} e6 {[%clk 0:03:06]} 5. Bf4 {[%clk 0:02:53]} Nf6 {[%clk 0:03:07]}
6. e5 {[%clk 0:02:47]} dxe5 {[%clk 0:03:01]} 7. Bxe5 {[%clk 0:02:43]} Nxe5
{[%clk 0:03:00]} 8. dxe5 {[%clk 0:02:38]} Qxd1+ {[%clk 0:02:54]} 9. Bxd1
{[%clk 0:02:36]} Bxf3 {[%clk 0:02:54]} 10. Bxf3 {[%clk 0:02:36]} Nd7
{[%clk 0:02:51]} 11. Bxb7 {[%clk 0:02:31]} Rb8 {[%clk 0:02:52]} 12. Bc6
{[%clk 0:02:27]} Rxb2 {[%clk 0:02:52]} 13. c3 {[%clk 0:02:15]} Bc5
{[%clk 0:02:52]} 14. O-O {[%clk 0:02:10]} Re2 {[%clk 0:02:39]} 15. Kh1
{[%clk 0:01:44]} Ke7 {[%clk 0:02:30]} 16. f4 {[%clk 0:01:40]} Nb6
{[%clk 0:02:26]} 17. a4 {[%clk 0:01:30]} Rd8 {[%clk 0:02:21]} 18. a5
{[%clk 0:01:08]} Nc4 {[%clk 0:02:21]} 19. Bb5 {[%clk 0:01:08]} Rf2
{[%clk 0:02:13]} 20. Na3 {[%clk 0:00:42]} Rxf1+ {[%clk 0:02:13]} 21. Rxf1
{[%clk 0:00:37]} Nxa3 {[%clk 0:02:13]} 22. Be2 {[%clk 0:00:33]} c6
{[%clk 0:02:07]} 23. c4 {[%clk 0:00:31]} Rd2 {[%clk 0:02:04]} 24. Re1
{[%clk 0:00:28]} Bf2 {[%clk 0:01:58]} 25. Rf1 {[%clk 0:00:17]} Rxe2
{[%clk 0:01:58]} 26. h3 {[%clk 0:00:18]} Nxc4 {[%clk 0:01:52]} 27. Kh2
{[%clk 0:00:12]} Bc5 {[%clk 0:01:46]} 28. Rc1 {[%clk 0:00:11]} Re4
{[%clk 0:01:20]} 29. Rb1 {[%clk 0:00:13]} Nb6 {[%clk 0:01:16]} 30. axb6
{[%clk 0:00:12]} Bxb6 {[%clk 0:01:17]} 31. Rc1 {[%clk 0:00:12]} c5
{[%clk 0:01:17]} 32. Ra1 {[%clk 0:00:12]} Rxf4 {[%clk 0:01:17]} 33. g3
{[%clk 0:00:11]} Rf2+ {[%clk 0:01:18]} 34. Kh1 {[%clk 0:00:11]} Re2
{[%clk 0:01:18]} 35. Rc1 {[%clk 0:00:09]} Rxe5 {[%clk 0:01:18]} 36. Kg2
{[%clk 0:00:09]} Re2+ {[%clk 0:01:18]} 37. Kf3 {[%clk 0:00:09]} Re5
{[%clk 0:01:18]} 38. Kf4 {[%clk 0:00:10]} f6 {[%clk 0:01:17]} 39. g4
{[%clk 0:00:10]} Rd5 {[%clk 0:01:17]} 40. Ke4 {[%clk 0:00:11]} Rd4+
{[%clk 0:01:17]} 41. Kf3 {[%clk 0:00:10]} e5 {[%clk 0:01:18]} 42. Rb1
{[%clk 0:00:10]} Kd6 {[%clk 0:01:18]} 43. Rc1 {[%clk 0:00:11]} Kd5
{[%clk 0:01:19]} 44. Rb1 {[%clk 0:00:11]} Rd3+ {[%clk 0:01:19]} 45. Ke2
{[%clk 0:00:12]} e4 {[%clk 0:01:17]} 46. h4 {[%clk 0:00:12]} Kd4 {[%clk 0:01:09]}
47. Ra1 {[%clk 0:00:13]} Re3+ {[%clk 0:01:07]} 48. Kf2 {[%clk 0:00:13]} Rf3+
{[%clk 0:01:06]} 49. Ke2 {[%clk 0:00:13]} Rh3 {[%clk 0:01:00]} 50. Ra4+
{[%clk 0:00:13]} Ke5 {[%clk 0:00:59]} 51. h5 {[%clk 0:00:14]} Rg3
{[%clk 0:00:55]} 52. Ra1 {[%clk 0:00:11]} Rxg4 {[%clk 0:00:55]} 53. Rh1
{[%clk 0:00:11]} f5 {[%clk 0:00:51]} 54. Rh2 {[%clk 0:00:07]} f4 {[%clk 0:00:50]}
55. h6 {[%clk 0:00:06]} g6 {[%clk 0:00:50]} 56. Rh1 {[%clk 0:00:07]} f3+
{[%clk 0:00:49]} 57. Ke3 {[%clk 0:00:08]} c4+ {[%clk 0:00:50]} 58. Rc1 0-1

[Event "MPJ-Blitz-D12"]
[Site "Katowice"]
[Date "2015.08.15"]
[Round "17.1"]
[White "Czarnecka, Lidia"]
[Black "Waszczuk, Patrycja"]
[Result "0-1"]
[BlackElo "1481"]
[WhiteElo "1459"]

1. e4 {[%clk 0:03:02]} c5 {[%clk 0:03:03]} 2. Nf3 {[%clk 0:03:02]} a6
{[%clk 0:03:04]} 3. d4 {[%clk 0:03:02]} cxd4 {[%clk 0:03:05]} 4. Nxd4
{[%clk 0:03:04]} e5 {[%clk 0:03:06]} 5. Nf3 {[%clk 0:03:02]} Nc6 {[%clk 0:03:06]}
6. Bd3 {[%clk 0:02:58]} Nf6 {[%clk 0:03:01]} 7. Bg5 {[%clk 0:02:47]} h6
{[%clk 0:02:54]} 8. Bh4 {[%clk 0:02:46]} g5 {[%clk 0:02:26]} 9. Bg3
{[%clk 0:02:46]} d6 {[%clk 0:02:23]} 10. c3 {[%clk 0:02:37]} Bg4 {[%clk 0:02:01]}
11. Nbd2 {[%clk 0:02:18]} Qd7 {[%clk 0:01:45]} 12. Qc2 {[%clk 0:02:07]} Rc8
{[%clk 0:01:32]} 13. a3 {[%clk 0:01:59]} Be7 {[%clk 0:01:03]} 14. Rd1
{[%clk 0:01:54]} b5 {[%clk 0:00:48]} 15. Be2 {[%clk 0:01:47]} Rg8
{[%clk 0:00:35]} 16. Nb3 {[%clk 0:01:31]} h5 {[%clk 0:00:25]} 17. Bxe5
{[%clk 0:01:12]} Bxf3 {[%clk 0:00:25]} 18. Bxf6 {[%clk 0:01:08]} Bxe2
{[%clk 0:00:23]} 19. Qxe2 {[%clk 0:01:08]} Bxf6 {[%clk 0:00:22]} 20. O-O
{[%clk 0:01:05]} g4 {[%clk 0:00:18]} 21. Rfe1 {[%clk 0:00:58]} Be5
{[%clk 0:00:17]} 22. Nc5 {[%clk 0:00:53]} Qa7 {[%clk 0:00:17]} 23. Nd3
{[%clk 0:00:52]} Ke7 {[%clk 0:00:16]} 24. Nxe5 {[%clk 0:00:53]} Nxe5
{[%clk 0:00:17]} 25. Rd5 {[%clk 0:00:46]} Rc5 {[%clk 0:00:17]} 26. Rd2
{[%clk 0:00:46]} Qc7 {[%clk 0:00:13]} 27. Red1 {[%clk 0:00:45]} Nc4
{[%clk 0:00:14]} 28. Rd4 {[%clk 0:00:46]} Re5 {[%clk 0:00:14]} 29. b3
{[%clk 0:00:39]} Nxa3 {[%clk 0:00:08]} 30. Qb2 {[%clk 0:00:38]} b4
{[%clk 0:00:07]} 31. Rxb4 {[%clk 0:00:34]} Nb5 {[%clk 0:00:08]} 32. c4
{[%clk 0:00:33]} Na7 {[%clk 0:00:08]} 33. Ra4 {[%clk 0:00:27]} Qb6
{[%clk 0:00:07]} 34. Qa2 {[%clk 0:00:28]} a5 {[%clk 0:00:07]} 35. Qd2
{[%clk 0:00:27]} Rd8 {[%clk 0:00:06]} 36. Qd3 {[%clk 0:00:25]} Nc6
{[%clk 0:00:07]} 37. Ra2 {[%clk 0:00:19]} Nb4 {[%clk 0:00:08]} 38. Qd2
{[%clk 0:00:15]} Nxa2 39. Qxa2 Rxe4 {[%clk 0:00:07]} 40. Qc2 {[%clk 0:00:14]} f5
{[%clk 0:00:07]} 41. Qb2 {[%clk 0:00:08]} Kf7 {[%clk 0:00:07]} 42. Qc2
{[%clk 0:00:07]} Rde8 {[%clk 0:00:08]} 43. Kf1 {[%clk 0:00:04]} Re2
{[%clk 0:00:08]} 44. Qxe2 {[%clk 0:00:05]} Rxe2 {[%clk 0:00:09]} 45. Kxe2
{[%clk 0:00:06]} Qxb3 {[%clk 0:00:10]} 46. Rxd6 {[%clk 0:00:07]} Qxc4+
{[%clk 0:00:10]} 47. Rd7+ {[%clk 0:00:08]} 0-1

[Event "MPJ-Blitz-D12"]
[Site "Katowice"]
[Date "2015.08.15"]
[Round "17.2"]
[White "Malicka, Maria"]
[Black "Harazinska, Magdalena"]
[Result "1/2-1/2"]
[BlackElo "1499"]
[WhiteElo "1365"]

1. c4 {[%clk 0:03:02]} e5 {[%clk 0:03:04]} 2. g3 {[%clk 0:03:03]} Bc5
{[%clk 0:03:05]} 3. Bg2 {[%clk 0:03:03]} d6 {[%clk 0:03:06]} 4. Nc3
{[%clk 0:03:03]} a6 {[%clk 0:03:07]} 5. e3 {[%clk 0:03:04]} Nc6 {[%clk 0:03:06]}
6. a3 {[%clk 0:02:55]} Nf6 {[%clk 0:03:07]} 7. b4 {[%clk 0:02:54]} Ba7
{[%clk 0:03:08]} 8. Nge2 {[%clk 0:02:50]} O-O {[%clk 0:03:07]} 9. O-O
{[%clk 0:02:51]} Ne7 {[%clk 0:02:57]} 10. d4 {[%clk 0:02:42]} exd4
{[%clk 0:02:57]} 11. exd4 {[%clk 0:02:35]} Ng6 {[%clk 0:02:57]} 12. Nf4
{[%clk 0:02:24]} Re8 {[%clk 0:02:46]} 13. Nxg6 {[%clk 0:02:15]} hxg6
{[%clk 0:02:47]} 14. Bg5 {[%clk 0:02:08]} c6 {[%clk 0:02:30]} 15. Ne4
{[%clk 0:01:55]} Bf5 {[%clk 0:02:20]} 16. Nxf6+ {[%clk 0:01:47]} gxf6
{[%clk 0:02:21]} 17. Bf4 {[%clk 0:01:43]} Kg7 {[%clk 0:02:15]} 18. Qd2
{[%clk 0:01:38]} Rh8 {[%clk 0:02:15]} 19. c5 {[%clk 0:01:27]} d5 {[%clk 0:02:10]}
20. f3 {[%clk 0:01:03]} Qd7 {[%clk 0:01:56]} 21. Rfe1 {[%clk 0:00:57]} Be6
{[%clk 0:01:47]} 22. Bd6 {[%clk 0:00:55]} Rae8 {[%clk 0:01:40]} 23. Re3
{[%clk 0:00:45]} Bb8 {[%clk 0:01:38]} 24. Bxb8 {[%clk 0:00:44]} Rxb8
{[%clk 0:01:39]} 25. Rae1 {[%clk 0:00:42]} Rbe8 {[%clk 0:01:31]} 26. Qf2 1/2-1/2

[Event "MPJ-Blitz-D12"]
[Site "Katowice"]
[Date "2015.08.15"]
[Round "17.3"]
[White "Vanduyfhuys, Daria"]
[Black "Wolagiewicz, Kinga"]
[Result "1-0"]
[BlackElo "1401"]
[WhiteElo "1198"]

1. e4 {[%clk 0:03:05]} Nc6 {[%clk 0:03:04]} 2. d4 {[%clk 0:03:06]} d5
{[%clk 0:03:05]} 3. Bb5 {[%clk 0:02:54]} dxe4 {[%clk 0:02:59]} 4. d5
{[%clk 0:02:54]} Bd7 {[%clk 0:02:55]} 5. dxc6 {[%clk 0:02:55]} bxc6
{[%clk 0:02:47]} 6. Be2 {[%clk 0:02:55]} Nf6 {[%clk 0:02:47]} 7. Nc3
{[%clk 0:02:54]} e5 {[%clk 0:02:40]} 8. Bg5 {[%clk 0:02:54]} Rb8 {[%clk 0:02:21]}
9. Rb1 {[%clk 0:02:51]} Bf5 {[%clk 0:02:16]} 10. Qxd8+ {[%clk 0:02:50]} Rxd8
{[%clk 0:02:16]} 11. f3 {[%clk 0:02:20]} exf3 {[%clk 0:02:16]} 12. Nxf3
{[%clk 0:02:21]} Bxc2 {[%clk 0:02:15]} 13. Rc1 {[%clk 0:02:16]} Bf5
{[%clk 0:02:02]} 14. Nxe5 {[%clk 0:02:08]} Bd7 {[%clk 0:01:37]} 15. Nxd7
{[%clk 0:02:05]} Rxd7 {[%clk 0:01:37]} 16. Bxf6 {[%clk 0:02:06]} gxf6
{[%clk 0:01:38]} 17. O-O {[%clk 0:02:01]} Be7 {[%clk 0:01:29]} 18. Ne4
{[%clk 0:01:59]} f5 {[%clk 0:01:17]} 19. Ng3 {[%clk 0:01:55]} c5 {[%clk 0:00:59]}
20. Nxf5 {[%clk 0:01:53]} Rd2 {[%clk 0:00:49]} 21. Bb5+ {[%clk 0:01:47]} Kf8
{[%clk 0:00:46]} 22. Nxe7 {[%clk 0:01:46]} Kxe7 {[%clk 0:00:46]} 23. Rf2
{[%clk 0:01:47]} Rxf2 {[%clk 0:00:40]} 24. Kxf2 {[%clk 0:01:47]} Rd8
{[%clk 0:00:40]} 25. Re1+ {[%clk 0:01:48]} Kf8 {[%clk 0:00:40]} 26. Bc4
{[%clk 0:01:45]} Rd2+ {[%clk 0:00:37]} 27. Re2 {[%clk 0:01:47]} Rd7
{[%clk 0:00:34]} 28. b3 {[%clk 0:01:44]} h6 {[%clk 0:00:29]} 29. Kg3
{[%clk 0:01:44]} Kg7 {[%clk 0:00:24]} 30. Bb5 {[%clk 0:01:39]} Rd6
{[%clk 0:00:21]} 31. Rf2 {[%clk 0:01:36]} Rg6+ {[%clk 0:00:19]} 32. Kf3
{[%clk 0:01:36]} Rf6+ {[%clk 0:00:20]} 33. Ke2 {[%clk 0:01:37]} Re6+
{[%clk 0:00:21]} 34. Kf1 {[%clk 0:01:38]} Rd6 {[%clk 0:00:14]} 35. Bc4
{[%clk 0:01:33]} Rd1+ {[%clk 0:00:13]} 36. Ke2 {[%clk 0:01:34]} Rd7
{[%clk 0:00:13]} 37. Rxf7+ {[%clk 0:01:27]} Rxf7 {[%clk 0:00:12]} 38. Bxf7
{[%clk 0:01:29]} Kxf7 {[%clk 0:00:13]} 39. Kd3 {[%clk 0:01:30]} Ke6
{[%clk 0:00:14]} 40. Kc4 {[%clk 0:01:30]} Kd6 {[%clk 0:00:09]} 41. g4
{[%clk 0:01:32]} a6 {[%clk 0:00:06]} 42. h4 {[%clk 0:01:33]} a5 {[%clk 0:00:07]}
43. g5 {[%clk 0:01:32]} hxg5 {[%clk 0:00:05]} 44. hxg5 {[%clk 0:01:33]} Ke6
{[%clk 0:00:06]} 45. g6 {[%clk 0:01:34]} Kf6 {[%clk 0:00:07]} 46. Kxc5
{[%clk 0:01:35]} Kxg6 {[%clk 0:00:08]} 47. Kc6 {[%clk 0:01:36]} Kf6
{[%clk 0:00:09]} 48. Kxc7 {[%clk 0:01:37]} Ke6 {[%clk 0:00:10]} 49. Kc6
{[%clk 0:01:38]} Ke7 {[%clk 0:00:11]} 50. Kb5 {[%clk 0:01:39]} Kd7
{[%clk 0:00:12]} 51. Kxa5 {[%clk 0:01:40]} Kc7 {[%clk 0:00:12]} 52. b4
{[%clk 0:01:42]} Kb7 {[%clk 0:00:14]} 53. Kb5 {[%clk 0:01:43]} Ka8
{[%clk 0:00:14]} 54. Kc6 {[%clk 0:01:43]} Kb8 {[%clk 0:00:15]} 55. Kb6
{[%clk 0:01:45]} Kc8 {[%clk 0:00:16]} 56. Ka7 {[%clk 0:01:46]} Kc7
{[%clk 0:00:17]} 57. b5 {[%clk 0:01:47]} Kd6 {[%clk 0:00:18]} 58. b6
{[%clk 0:01:49]} Kc6 {[%clk 0:00:19]} 59. b7 {[%clk 0:01:50]} Kc7
{[%clk 0:00:20]} 60. b8=Q+ {[%clk 0:01:50]} Kc6 {[%clk 0:00:20]} 61. Qb6+
{[%clk 0:01:49]} Kd5 {[%clk 0:00:21]} 62. Qc7 {[%clk 0:01:49]} Ke4
{[%clk 0:00:22]} 63. Qd6 {[%clk 0:01:50]} Kf5 {[%clk 0:00:21]} 64. Qe7
{[%clk 0:01:51]} Kf4 {[%clk 0:00:22]} 65. Qe6 {[%clk 0:01:53]} Kg5
{[%clk 0:00:22]} 66. Qf7 {[%clk 0:01:54]} Kg4 {[%clk 0:00:23]} 67. Qf6
{[%clk 0:01:55]} Kg3 {[%clk 0:00:24]} 68. Qf5 {[%clk 0:01:56]} Kh4
{[%clk 0:00:25]} 69. Qg6 {[%clk 0:01:57]} Kh3 {[%clk 0:00:26]} 70. Qg5
{[%clk 0:01:58]} Kh2 {[%clk 0:00:27]} 71. Qg4 {[%clk 0:02:00]} Kh1
{[%clk 0:00:28]} 72. Kb6 {[%clk 0:02:00]} Kh2 {[%clk 0:00:29]} 73. Kc5
{[%clk 0:02:02]} Kh1 {[%clk 0:00:30]} 74. Kd4 {[%clk 0:02:03]} Kh2
{[%clk 0:00:31]} 75. Ke3 {[%clk 0:02:04]} Kh1 {[%clk 0:00:32]} 76. Kf2
{[%clk 0:02:05]} Kh2 {[%clk 0:00:33]} 77. Qg2# {[%clk 0:02:05]} 1-0

[Event "MPJ-Blitz-D12"]
[Site "Katowice"]
[Date "2015.08.15"]
[Round "17.4"]
[White "Adamczyk, Zuzanna"]
[Black "Czarniecka, Aleksandra"]
[Result "0-1"]
[BlackElo "1350"]
[WhiteElo "1394"]

1. d4 {[%clk 0:03:03]} Nf6 {[%clk 0:03:04]} 2. Nf3 {[%clk 0:03:04]} g6
{[%clk 0:03:05]} 3. Bf4 {[%clk 0:03:02]} Bg7 {[%clk 0:03:05]} 4. e3
{[%clk 0:03:03]} d6 {[%clk 0:03:07]} 5. h3 {[%clk 0:03:02]} O-O {[%clk 0:03:07]}
6. Bd3 {[%clk 0:02:59]} Nfd7 {[%clk 0:03:02]} 7. Bh2 {[%clk 0:02:44]} e5
{[%clk 0:03:03]} 8. dxe5 {[%clk 0:02:45]} Nxe5 {[%clk 0:03:04]} 9. Nxe5
{[%clk 0:02:45]} dxe5 {[%clk 0:03:04]} 10. e4 {[%clk 0:02:44]} Nc6
{[%clk 0:02:51]} 11. O-O {[%clk 0:02:41]} Be6 {[%clk 0:02:48]} 12. c3
{[%clk 0:02:35]} Qe7 {[%clk 0:02:45]} 13. Qe2 {[%clk 0:02:28]} Rad8
{[%clk 0:02:42]} 14. Nd2 {[%clk 0:02:25]} Qd7 {[%clk 0:02:42]} 15. Bc4
{[%clk 0:01:54]} Qxd2 {[%clk 0:02:40]} 16. Qxd2 {[%clk 0:01:54]} Rxd2
{[%clk 0:02:41]} 17. Bxe6 {[%clk 0:01:55]} fxe6 {[%clk 0:02:42]} 18. Rab1
{[%clk 0:01:47]} Rfd8 {[%clk 0:02:36]} 19. f4 {[%clk 0:01:46]} Re2
{[%clk 0:02:21]} 20. Rfe1 {[%clk 0:01:39]} Rdd2 {[%clk 0:02:18]} 21. Rxe2
{[%clk 0:01:40]} Rxe2 {[%clk 0:02:20]} 22. fxe5 {[%clk 0:01:40]} Bxe5
{[%clk 0:02:18]} 23. Bxe5 {[%clk 0:01:36]} Nxe5 {[%clk 0:02:20]} 24. Rd1
{[%clk 0:01:33]} Rxb2 {[%clk 0:02:16]} 25. Rd8+ {[%clk 0:01:33]} Kg7
{[%clk 0:02:13]} 26. Re8 {[%clk 0:01:26]} Kf7 {[%clk 0:02:06]} 27. Rh8
{[%clk 0:01:25]} h5 {[%clk 0:02:07]} 28. Rh7+ {[%clk 0:01:23]} Kf6
{[%clk 0:02:04]} 29. Rxc7 {[%clk 0:01:22]} Nc6 {[%clk 0:01:57]} 30. a4
{[%clk 0:01:16]} Ke5 {[%clk 0:01:37]} 31. Rg7 {[%clk 0:01:03]} Kf6
{[%clk 0:01:38]} 32. Rc7 {[%clk 0:01:02]} a6 {[%clk 0:01:30]} 33. c4
{[%clk 0:00:58]} Rb4 {[%clk 0:01:31]} 34. c5 {[%clk 0:00:54]} Ne5
{[%clk 0:01:18]} 35. Rxb7 {[%clk 0:00:47]} Rxb7 {[%clk 0:01:18]} 0-1

[Event "MPJ-Blitz-D12"]
[Site "Katowice"]
[Date "2015.08.15"]
[Round "18.2"]
[White "Harazinska, Magdalena"]
[Black "Malicka, Maria"]
[Result "1/2-1/2"]
[BlackElo "1365"]
[WhiteElo "1499"]

1. d4 {[%clk 0:03:03]} Nf6 {[%clk 0:03:03]} 2. c4 {[%clk 0:03:05]} e6 3. Nc3
{[%clk 0:03:06]} Bb4 {[%clk 0:03:05]} 4. f3 {[%clk 0:03:07]} d5 {[%clk 0:03:02]}
5. a3 Bxc3+ {[%clk 0:02:55]} 6. bxc3 {[%clk 0:03:05]} c5 {[%clk 0:02:44]} 7. e3
{[%clk 0:02:53]} dxc4 {[%clk 0:02:33]} 8. Bxc4 {[%clk 0:02:53]} cxd4
{[%clk 0:02:32]} 9. cxd4 {[%clk 0:02:53]} Nc6 {[%clk 0:02:26]} 10. Ne2
{[%clk 0:02:54]} O-O {[%clk 0:02:22]} 11. O-O {[%clk 0:02:55]} b6
{[%clk 0:02:12]} 12. e4 {[%clk 0:02:52]} Bb7 {[%clk 0:02:11]} 13. Bg5
{[%clk 0:02:45]} h6 {[%clk 0:01:59]} 14. Bh4 {[%clk 0:02:46]} Rc8
{[%clk 0:01:54]} 15. e5 {[%clk 0:02:40]} g5 {[%clk 0:01:53]} 16. Bg3
{[%clk 0:02:21]} Nh5 {[%clk 0:01:49]} 17. Ba2 {[%clk 0:02:10]} Nxg3
{[%clk 0:01:43]} 18. hxg3 {[%clk 0:02:11]} Na5 {[%clk 0:01:33]} 19. Kf2
{[%clk 0:01:55]} Nc4 {[%clk 0:01:32]} 20. Bxc4 {[%clk 0:01:54]} Rxc4
{[%clk 0:01:33]} 21. Rh1 {[%clk 0:01:48]} Kg7 {[%clk 0:01:27]} 22. Qd3
{[%clk 0:01:46]} Rc7 {[%clk 0:01:18]} 23. f4 {[%clk 0:01:33]} Rh8
{[%clk 0:00:50]} 24. Rh2 {[%clk 0:01:28]} f6 {[%clk 0:00:34]} 25. Qe3
{[%clk 0:01:19]} f5 {[%clk 0:00:30]} 26. Rh5 {[%clk 0:01:02]} g4 {[%clk 0:00:29]}
27. Rhh1 {[%clk 0:00:55]} Qc8 {[%clk 0:00:25]} 28. Rac1 {[%clk 0:00:56]} Rxc1
{[%clk 0:00:22]} 29. Rxc1 {[%clk 0:00:57]} Qd7 {[%clk 0:00:20]} 30. Qb3
{[%clk 0:00:44]} Rc8 {[%clk 0:00:17]} 31. Rxc8 {[%clk 0:00:43]} Qxc8
{[%clk 0:00:17]} 32. Qb4 {[%clk 0:00:44]} Qd7 {[%clk 0:00:17]} 33. Qc4
{[%clk 0:00:41]} Qd5 {[%clk 0:00:13]} 34. Qxd5 {[%clk 0:00:41]} Bxd5
{[%clk 0:00:14]} 35. Nc3 {[%clk 0:00:40]} Bc6 {[%clk 0:00:15]} 36. Na2
{[%clk 0:00:34]} a5 {[%clk 0:00:15]} 37. Nc1 {[%clk 0:00:24]} b5 {[%clk 0:00:14]}
38. Nd3 {[%clk 0:00:22]} Kf7 {[%clk 0:00:13]} 39. Ne1 {[%clk 0:00:18]} b4
{[%clk 0:00:13]} 40. axb4 {[%clk 0:00:18]} axb4 {[%clk 0:00:14]} 41. Nd3
{[%clk 0:00:17]} b3 {[%clk 0:00:14]} 42. Ke3 {[%clk 0:00:12]} Bxg2
{[%clk 0:00:14]} 43. Kd2 {[%clk 0:00:13]} Bd5 {[%clk 0:00:15]} 44. Kc3
{[%clk 0:00:14]} 1/2-1/2

[Event "MPJ-Blitz-D12"]
[Site "Katowice"]
[Date "2015.08.15"]
[Round "18.3"]
[White "Wolagiewicz, Kinga"]
[Black "Vanduyfhuys, Daria"]
[Result "0-1"]
[BlackElo "1198"]
[WhiteElo "1401"]

1. e4 {[%clk 0:03:03]} c5 {[%clk 0:03:04]} 2. Nf3 {[%clk 0:03:04]} Nc6
{[%clk 0:03:05]} 3. d4 {[%clk 0:03:05]} cxd4 {[%clk 0:03:06]} 4. Nxd4
{[%clk 0:03:06]} g6 {[%clk 0:03:02]} 5. Nc3 {[%clk 0:03:04]} Bg7 {[%clk 0:03:03]}
6. Nb3 {[%clk 0:03:05]} Nf6 {[%clk 0:03:00]} 7. Be2 {[%clk 0:03:02]} d5
{[%clk 0:02:59]} 8. exd5 {[%clk 0:03:00]} Nxd5 {[%clk 0:03:00]} 9. Qxd5
{[%clk 0:02:58]} Bxc3+ {[%clk 0:02:59]} 10. bxc3 {[%clk 0:02:57]} Qxd5
{[%clk 0:03:00]} 11. Bd2 {[%clk 0:02:56]} Bf5 {[%clk 0:02:58]} 12. O-O-O
{[%clk 0:02:52]} Qe6 {[%clk 0:02:46]} 13. Bb5 {[%clk 0:02:51]} a6
{[%clk 0:02:45]} 14. Bxc6+ {[%clk 0:02:51]} Qxc6 {[%clk 0:02:46]} 15. Rhe1
{[%clk 0:02:49]} O-O {[%clk 0:02:28]} 16. Rxe7 {[%clk 0:02:47]} Rfe8
{[%clk 0:02:29]} 17. Rxe8+ {[%clk 0:02:43]} Rxe8 {[%clk 0:02:30]} 18. Nd4
{[%clk 0:02:44]} Qxg2 {[%clk 0:02:22]} 19. Nxf5 {[%clk 0:02:44]} gxf5
{[%clk 0:02:23]} 20. f4 {[%clk 0:02:37]} Qxh2 {[%clk 0:02:22]} 21. c4
{[%clk 0:02:35]} Kf8 {[%clk 0:02:21]} 22. Bb4+ {[%clk 0:02:35]} Kg8
{[%clk 0:02:21]} 23. Bc5 {[%clk 0:02:33]} Qxf4+ {[%clk 0:02:20]} 24. Kb1
{[%clk 0:02:31]} b6 {[%clk 0:02:17]} 25. Rg1+ {[%clk 0:02:30]} Kh8
{[%clk 0:02:12]} 26. Ba3 {[%clk 0:02:29]} f6 {[%clk 0:01:53]} 27. Bb2
{[%clk 0:02:27]} Rf8 {[%clk 0:01:54]} 28. Ba3 {[%clk 0:02:22]} Rg8
{[%clk 0:01:52]} 29. Re1 {[%clk 0:02:18]} Qxc4 {[%clk 0:01:30]} 30. Bb2
{[%clk 0:02:18]} Qh4 {[%clk 0:01:20]} 31. Rf1 {[%clk 0:02:15]} Re8
{[%clk 0:01:17]} 32. Rd1 {[%clk 0:02:02]} Re1 {[%clk 0:01:16]} 33. Bxf6+
{[%clk 0:01:58]} Qxf6 {[%clk 0:01:11]} 34. Rxe1 Kg8 {[%clk 0:01:08]} 35. Re8+
{[%clk 0:01:59]} Kf7 {[%clk 0:01:09]} 36. Re1 {[%clk 0:01:59]} Qc3
{[%clk 0:01:08]} 37. Rd1 {[%clk 0:01:58]} Qb4+ {[%clk 0:01:07]} 38. Ka1
{[%clk 0:01:54]} Qc3+ {[%clk 0:00:59]} 39. Kb1 {[%clk 0:01:54]} Qc6
{[%clk 0:00:58]} 40. Rc1 {[%clk 0:01:45]} f4 {[%clk 0:00:58]} 41. Rf1
{[%clk 0:01:43]} Qb5+ {[%clk 0:00:59]} 42. Kc1 {[%clk 0:01:43]} Qxf1+
{[%clk 0:01:00]} 43. Kb2 {[%clk 0:01:44]} Qe2 {[%clk 0:00:59]} 44. a4
{[%clk 0:01:43]} h5 {[%clk 0:01:00]} 45. a5 {[%clk 0:01:44]} bxa5
{[%clk 0:01:00]} 46. Kb3 {[%clk 0:01:44]} Qxc2+ {[%clk 0:01:00]} 47. Kxc2
{[%clk 0:01:44]} a4 {[%clk 0:01:01]} 48. Kb2 {[%clk 0:01:45]} h4 {[%clk 0:01:02]}
49. Ka3 {[%clk 0:01:45]} h3 {[%clk 0:01:04]} 50. Kxa4 {[%clk 0:01:45]} h2
{[%clk 0:01:05]} 51. Ka5 {[%clk 0:01:46]} h1=Q {[%clk 0:01:05]} 52. Kb6
{[%clk 0:01:47]} Qc1 {[%clk 0:01:05]} 53. Ka7 {[%clk 0:01:47]} Qb2
{[%clk 0:01:05]} 54. Ka8 {[%clk 0:01:48]} Ke7 {[%clk 0:01:06]} 55. Ka7
{[%clk 0:01:49]} Kd7 {[%clk 0:01:07]} 56. Ka8 {[%clk 0:01:50]} Kc7
{[%clk 0:01:07]} 57. Ka7 {[%clk 0:01:51]} Qb7# 0-1

[Event "MPJ-Blitz-D12"]
[Site "Katowice"]
[Date "2015.08.15"]
[Round "18.4"]
[White "Czarniecka, Aleksandra"]
[Black "Adamczyk, Zuzanna"]
[Result "1-0"]
[BlackElo "1394"]
[WhiteElo "1350"]

1. e4 {[%clk 0:03:04]} c5 2. Nf3 a6 {[%clk 0:03:04]} 3. Nc3 {[%clk 0:03:07]} d6
{[%clk 0:03:02]} 4. Be2 {[%clk 0:03:08]} Nc6 {[%clk 0:02:56]} 5. d4
{[%clk 0:03:04]} cxd4 {[%clk 0:02:56]} 6. Nxd4 {[%clk 0:03:05]} e5
{[%clk 0:02:54]} 7. Nb3 {[%clk 0:03:05]} Be6 {[%clk 0:02:53]} 8. f3
{[%clk 0:02:56]} Nf6 {[%clk 0:02:50]} 9. Bg5 {[%clk 0:02:57]} Be7
{[%clk 0:02:51]} 10. O-O {[%clk 0:02:56]} O-O {[%clk 0:02:48]} 11. Kh1
{[%clk 0:02:57]} h6 {[%clk 0:02:30]} 12. Be3 {[%clk 0:02:58]} d5 {[%clk 0:02:24]}
13. exd5 {[%clk 0:02:47]} Nxd5 {[%clk 0:02:24]} 14. Nxd5 {[%clk 0:02:40]} Bxd5
{[%clk 0:02:24]} 15. c3 {[%clk 0:02:36]} f5 {[%clk 0:02:12]} 16. Nc5
{[%clk 0:02:24]} Bxc5 {[%clk 0:01:51]} 17. Bxc5 {[%clk 0:02:25]} Re8
{[%clk 0:01:48]} 18. Qc2 {[%clk 0:02:07]} Qf6 {[%clk 0:01:38]} 19. Rad1
{[%clk 0:02:08]} Be6 {[%clk 0:01:28]} 20. Rd6 {[%clk 0:02:03]} Rad8
{[%clk 0:01:20]} 21. Rfd1 {[%clk 0:02:04]} Rxd6 {[%clk 0:01:20]} 22. Rxd6
{[%clk 0:02:05]} Rd8 {[%clk 0:01:17]} 23. Rxd8+ {[%clk 0:02:01]} Qxd8
{[%clk 0:01:14]} 24. Bd3 {[%clk 0:01:52]} Qd5 {[%clk 0:00:47]} 25. Bf2
{[%clk 0:01:46]} Qxa2 {[%clk 0:00:39]} 26. Bxf5 {[%clk 0:01:43]} Qa1+
{[%clk 0:00:20]} 27. Bg1 {[%clk 0:01:43]} Qa2 {[%clk 0:00:16]} 28. Bg6
{[%clk 0:01:35]} Bf7 {[%clk 0:00:14]} 29. Be4 {[%clk 0:01:25]} Bd5
{[%clk 0:00:12]} 30. Bg6 {[%clk 0:00:58]} Bf7 {[%clk 0:00:13]} 31. Bxf7+
{[%clk 0:00:58]} Qxf7 {[%clk 0:00:13]} 32. Qe4 {[%clk 0:00:50]} Qf6
{[%clk 0:00:10]} 33. Qd5+ {[%clk 0:00:50]} Kh7 {[%clk 0:00:10]} 34. Qd3+
{[%clk 0:00:47]} Kg8 {[%clk 0:00:11]} 35. Qd7 {[%clk 0:00:43]} b5
{[%clk 0:00:10]} 36. Qc8+ {[%clk 0:00:40]} Kh7 {[%clk 0:00:11]} 37. Qxa6
{[%clk 0:00:40]} Qe6 {[%clk 0:00:10]} 38. Qxb5 {[%clk 0:00:36]} Ne7
{[%clk 0:00:11]} 39. Qd3+ {[%clk 0:00:36]} Kg8 {[%clk 0:00:12]} 40. b4
{[%clk 0:00:31]} Qb3 {[%clk 0:00:10]} 41. Qd8+ {[%clk 0:00:30]} Kf7
{[%clk 0:00:09]} 42. Qc7 {[%clk 0:00:27]} Qe6 {[%clk 0:00:06]} 43. Bc5
{[%clk 0:00:24]} Kf6 {[%clk 0:00:07]} 44. Bxe7+ {[%clk 0:00:25]} Qxe7
{[%clk 0:00:08]} 45. Qxe7+ {[%clk 0:00:26]} Kxe7 {[%clk 0:00:09]} 46. Kg1
{[%clk 0:00:27]} Ke6 {[%clk 0:00:10]} 47. Kf2 {[%clk 0:00:29]} Kd5
{[%clk 0:00:12]} 48. Ke3 {[%clk 0:00:30]} g6 {[%clk 0:00:13]} 49. b5
{[%clk 0:00:29]} Kc5 {[%clk 0:00:14]} 50. c4 {[%clk 0:00:30]} g5 {[%clk 0:00:15]}
51. Ke4 {[%clk 0:00:31]} h5 {[%clk 0:00:13]} 52. Kxe5 {[%clk 0:00:32]} Kxc4
{[%clk 0:00:14]} 53. b6 {[%clk 0:00:33]} Kd5+ 54. Ke4+ 1-0